[Event "IM"]
[Site "Aarhus"]
[Date "2005.07.10"]
[Round "9"]
[White "Berg, Klaus"]
[Black "Jakubowski, Krzysztof"]
[Result "0-1"]
[WhiteElo "2420"]
[BlackElo "2483"]
[PlyCount "92"]
[EventDate "2005.07.02"]
[EventType "tourn"]
[EventRounds "9"]
[EventCountry "DEN"]
[EventCategory "4"]
[SourceTitle "CBM 107 Extra"]
[Source "ChessBase"]
[SourceDate "2005.09.01"]

1. d4 d5 2. Bg5 c5 3. c3 Qb6 4. Qb3 Qxb3 5. axb3 cxd4 6. cxd4 Bf5 7. Nc3 e6 8.
Nf3 Nc6 9. e3 Bd6 10. Kd2 f6 11. Bh4 Nge7 12. Bg3 Bxg3 13. hxg3 h6 14. Bd3 Bxd3
15. Kxd3 Kd7 16. Nd2 Nf5 17. g4 Nd6 18. f3 Rhe8 19. Ke2 b6 20. Ra4 Kc7 21. Kf2
Kb7 22. Rd1 Rac8 23. Raa1 Re7 24. Rac1 Rec7 25. Ke2 a6 26. Na2 Nb5 27. Kf2 Nd6
28. Rc3 e5 29. dxe5 fxe5 30. Rd3 d4 31. Nc4 Nf7 32. Nd2 Ng5 33. exd4 exd4 34.
Re1 a5 35. f4 Nf7 36. Nf3 Rd8 37. Red1 Rcd7 38. Nc1 Nd6 39. Nxd4 Nb4 40. Re3
Nb5 41. Ne6 Rxd1 42. Nxd8+ Rxd8 43. Re7+ Ka6 44. Rxg7 Rd2+ 45. Ke3 Rc2 46. Ne2
Rxb2 0-1

[Event "IM"]
[Site "Aarhus"]
[Date "2005.07.06"]
[Round "5"]
[White "Berg, Klaus"]
[Black "Petri, Thomas"]
[Result "1-0"]
[WhiteElo "2420"]
[BlackElo "2067"]
[PlyCount "37"]
[EventDate "2005.07.02"]
[EventType "tourn"]
[EventRounds "9"]
[EventCountry "DEN"]
[EventCategory "4"]
[SourceTitle "CBM 107 Extra"]
[Source "ChessBase"]
[SourceDate "2005.09.01"]

1. d4 g6 2. e4 Bg7 3. c4 d6 4. Nc3 Nf6 5. f3 O-O 6. Be3 c5 7. dxc5 dxc5 8. Qxd8
Rxd8 9. Bxc5 Nc6 10. Nge2 Nd7 11. Bf2 Nde5 12. Nf4 Na5 13. Nfd5 Be6 14. O-O-O
Naxc4 15. Bxc4 Nxc4 16. Nc7 Nxb2 17. Kxb2 Bxc3+ 18. Kxc3 Rdc8 19. Bg3 1-0

[Event "IM"]
[Site "Aarhus"]
[Date "2005.07.04"]
[Round "3"]
[White "Berg, Klaus"]
[Black "Stark, Lars"]
[Result "1/2-1/2"]
[WhiteElo "2420"]
[BlackElo "2337"]
[PlyCount "161"]
[EventDate "2005.07.02"]
[EventType "tourn"]
[EventRounds "9"]
[EventCountry "DEN"]
[EventCategory "4"]
[SourceTitle "CBM 107 Extra"]
[Source "ChessBase"]
[SourceDate "2005.09.01"]

1. d4 Nf6 2. c4 c5 3. d5 e5 4. Nc3 d6 5. e4 Be7 6. g3 h5 7. h4 Na6 8. a3 Bd7 9.
Rb1 Qb8 10. Be2 Bd8 11. Nf3 Ba5 12. Ng5 Bxc3+ 13. bxc3 Qc7 14. O-O Nb8 15. f4
Bg4 16. Bxg4 hxg4 17. fxe5 dxe5 18. Qb3 b6 19. a4 Nbd7 20. Rb2 O-O 21. Be3 Ne8
22. Rbf2 Ndf6 23. Qd1 Qe7 24. h5 Rd8 25. Rh2 Nd6 26. h6 g6 27. Qe2 Kh8 28. Bc1
Nh7 29. Nxh7 Kxh7 30. Qxg4 f6 31. Qe2 Rf7 32. Rhf2 Rdf8 33. g4 g5 34. a5 Qd7
35. axb6 axb6 36. Kg2 Qa4 37. Kg3 Qb3 38. Rf3 Qb1 39. Bxg5 Qxe4 40. Re3 Qg6 41.
Bh4 Rg8 42. Kh3 Kxh6 43. Rxf6 Rxf6 44. g5+ Kh7 45. gxf6 Qf5+ 46. Kh2 Qf4+ 47.
Rg3 Rg6 48. Kh3 Rxg3+ 49. Bxg3 Qxf6 50. Qxe5 Qxe5 51. Bxe5 Nxc4 52. Bc7 b5 53.
d6 Ne5 54. Kg3 Kg6 55. Kf4 Kf6 56. Ke4 Ke6 57. Bb8 Nd7 58. Bc7 Nf6+ 59. Kd3 Ne8
60. c4 b4 61. Ba5 Kxd6 62. Kc2 Nc7 63. Kb3 Na6 64. Bd8 Nb8 65. Bh4 Nc6 66. Bg3+
Ke6 67. Bf2 Kd6 68. Bg3+ Ne5 69. Be1 Nd3 70. Bg3+ Ke6 71. Kc2 Ne5 72. Kb3 Nc6
73. Bf2 Na5+ 74. Ka4 b3 75. Ka3 Kd6 76. Be1 Nxc4+ 77. Kxb3 Kd5 78. Bf2 Na5+ 79.
Ka4 c4 80. Kxa5 Ke4 81. Be1 1/2-1/2

[Event "IM"]
[Site "Aarhus"]
[Date "2005.07.08"]
[Round "7"]
[White "Berg, Klaus"]
[Black "Pedersen, Christian Kyndel"]
[Result "0-1"]
[WhiteElo "2420"]
[BlackElo "2364"]
[PlyCount "50"]
[EventDate "2005.07.02"]
[EventType "tourn"]
[EventRounds "9"]
[EventCountry "DEN"]
[EventCategory "4"]
[SourceTitle "CBM 107 Extra"]
[Source "ChessBase"]
[SourceDate "2005.09.01"]

1. d4 Nf6 2. c4 g6 3. Nc3 Bg7 4. e4 d6 5. Be2 O-O 6. Bg5 Na6 7. Qd2 e5 8. d5
Nc5 9. f3 a5 10. O-O-O a4 11. h4 a3 12. b3 c6 13. Nh3 Qb6 14. g4 Bd7 15. h5
Rfc8 16. Kc2 cxd5 17. Bxf6 dxc4 18. b4 Qxb4 19. Rb1 Ba4+ 20. Nxa4 Qxa4+ 21. Kc3
Bxf6 22. hxg6 hxg6 23. Qd5 Bd8 24. Rb4 Ba5 25. Rhb1 Nd3 0-1

[Event "IM"]
[Site "Aarhus"]
[Date "2005.07.08"]
[Round "7"]
[White "Holst, Allan"]
[Black "Petri, Thomas"]
[Result "1-0"]
[WhiteElo "2363"]
[BlackElo "2067"]
[PlyCount "57"]
[EventDate "2005.07.02"]
[EventType "tourn"]
[EventRounds "9"]
[EventCountry "DEN"]
[EventCategory "4"]
[SourceTitle "CBM 107 Extra"]
[Source "ChessBase"]
[SourceDate "2005.09.01"]

1. d4 g6 2. c4 Bg7 3. e4 d6 4. Nc3 Nf6 5. Nf3 O-O 6. Be2 e5 7. Be3 Ng4 8. Bg5
f6 9. Bc1 Nc6 10. d5 Ne7 11. h3 Nh6 12. h4 f5 13. Ng5 f4 14. g4 fxg3 15. fxg3
Kh8 16. Be3 Nhg8 17. Bg4 Bh6 18. Be6 Qe8 19. Nb5 Bxe6 20. Nxc7 Bxg5 21. hxg5
Qc8 22. Nxe6 Qxc4 23. Qe2 Qxe2+ 24. Kxe2 Rfc8 25. Kd3 Nxd5 26. Rxh7+ Kxh7 27.
Rh1+ Nh6 28. exd5 Rg8 29. Rxh6# 1-0

[Event "IM"]
[Site "Aarhus"]
[Date "2005.07.03"]
[Round "2"]
[White "Holst, Allan"]
[Black "Jakubowski, Krzysztof"]
[Result "0-1"]
[WhiteElo "2363"]
[BlackElo "2483"]
[PlyCount "126"]
[EventDate "2005.07.02"]
[EventType "tourn"]
[EventRounds "9"]
[EventCountry "DEN"]
[EventCategory "4"]
[SourceTitle "CBM 107 Extra"]
[Source "ChessBase"]
[SourceDate "2005.09.01"]

1. d4 Nf6 2. Nf3 c5 3. c3 b6 4. Bg5 Bb7 5. Bxf6 exf6 6. e3 Be7 7. Nbd2 O-O 8.
Be2 d5 9. O-O Nd7 10. Ne1 a6 11. Bf3 Qc7 12. Nd3 Rfd8 13. Nf4 Nf8 14. g3 Ne6
15. Bg2 Nxf4 16. exf4 Bf8 17. Re1 a5 18. dxc5 bxc5 19. Qc2 Rab8 20. b3 a4 21.
Rad1 Qa5 22. h4 Bc8 23. Kh2 g6 24. Bh3 Bxh3 25. Kxh3 f5 26. Re3 Bg7 27. Rd3 Bf6
28. Nf3 c4 29. bxc4 dxc4 30. Rxd8+ Rxd8 31. Rxd8+ Bxd8 32. Kh2 Bf6 33. Nd2 Qxc3
34. Qxc3 Bxc3 35. Nxc4 Kf8 36. Nb6 Bd4 37. Nxa4 Ke7 38. Kg2 Kd6 39. Kf3 h5 40.
Ke2 Kd5 41. Kd3 Bxf2 42. Nc3+ Kc5 43. Ne2 Kb4 44. Kc2 Ka3 45. Kb1 Be1 46. Ka1
Kb4 47. Kb2 Kc4 48. Kc2 Bb4 49. a4 Be1 50. Kd1 Bf2 51. Kd2 Kb4 52. Kd3 Kxa4 53.
Kc4 Bb6 54. Kd5 Kb4 55. Kd6 Kc4 56. Ke7 Kd3 57. Kxf7 Kxe2 58. Kxg6 Kf3 59. Kxf5
Bd8 60. Kg6 Kg4 61. f5 Bc7 62. f6 Bxg3 63. f7 Bd6 0-1

[Event "IM"]
[Site "Aarhus"]
[Date "2005.07.05"]
[Round "4"]
[White "Holst, Allan"]
[Black "Berg, Klaus"]
[Result "1/2-1/2"]
[WhiteElo "2363"]
[BlackElo "2420"]
[PlyCount "35"]
[EventDate "2005.07.02"]
[EventType "tourn"]
[EventRounds "9"]
[EventCountry "DEN"]
[EventCategory "4"]
[SourceTitle "CBM 107 Extra"]
[Source "ChessBase"]
[SourceDate "2005.09.01"]

1. e4 c6 2. Nf3 d5 3. exd5 cxd5 4. Ne5 Nc6 5. d4 Nf6 6. Bb5 Qb6 7. c4 dxc4 8.
Nc3 e6 9. Qa4 Bd7 10. Nxd7 Nxd7 11. d5 Nce5 12. O-O O-O-O 13. Bxd7+ Rxd7 14.
dxe6 fxe6 15. Bf4 Bd6 16. Rad1 Rhd8 17. Bxe5 Bxe5 18. Qxc4+ 1/2-1/2

[Event "IM"]
[Site "Aarhus"]
[Date "2005.07.09"]
[Round "8"]
[White "Jakubowski, Krzysztof"]
[Black "Lamprecht, Frank"]
[Result "1-0"]
[WhiteElo "2483"]
[BlackElo "2407"]
[PlyCount "69"]
[EventDate "2005.07.02"]
[EventType "tourn"]
[EventRounds "9"]
[EventCountry "DEN"]
[EventCategory "4"]
[SourceTitle "CBM 107 Extra"]
[Source "ChessBase"]
[SourceDate "2005.09.01"]

1. e4 e6 2. d4 d5 3. Nc3 Nf6 4. e5 Nfd7 5. f4 c5 6. Nf3 Nc6 7. Be3 cxd4 8. Nxd4
Bc5 9. Qd2 a6 10. Nce2 O-O 11. h4 Qb6 12. c3 f6 13. b4 Bxd4 14. Nxd4 fxe5 15.
Nxe6 d4 16. Bc4 Kh8 17. Nxf8 Nxf8 18. Bf2 Be6 19. Bxe6 Nxe6 20. fxe5 Qb5 21.
Bxd4 Rd8 22. a4 Qc4 23. Qe2 Rxd4 24. cxd4 Qc3+ 25. Kf2 Nexd4 26. Qe4 g6 27.
Rae1 Qxb4 28. h5 Qc5 29. hxg6 Nf5+ 30. Re3 Nxe3 31. Rxh7+ Kg8 32. Qxe3 Qc2+ 33.
Kg1 Qxg6 34. Rxb7 Qb1+ 35. Rxb1 1-0

[Event "IM"]
[Site "Aarhus"]
[Date "2005.07.04"]
[Round "3"]
[White "Jakubowski, Krzysztof"]
[Black "Petri, Thomas"]
[Result "1/2-1/2"]
[WhiteElo "2483"]
[BlackElo "2067"]
[PlyCount "100"]
[EventDate "2005.07.02"]
[EventType "tourn"]
[EventRounds "9"]
[EventCountry "DEN"]
[EventCategory "4"]
[SourceTitle "CBM 107 Extra"]
[Source "ChessBase"]
[SourceDate "2005.09.01"]

1. e4 g6 2. d4 Bg7 3. Nf3 d6 4. Bc4 c6 5. O-O Nf6 6. e5 Nd5 7. Nc3 Nxc3 8. bxc3
O-O 9. exd6 exd6 10. Bg5 Bf6 11. Bf4 b6 12. Re1 Na6 13. h3 Nc7 14. Qd2 Nd5 15.
Bg3 Bf5 16. a4 Qd7 17. Bf1 Bg7 18. c4 Nf6 19. Bd3 Bxd3 20. cxd3 Rfe8 21. Qf4
Rxe1+ 22. Rxe1 Rd8 23. Bh4 Nh5 24. Qd2 Bf6 25. g4 Bxh4 26. Nxh4 Ng7 27. Nf3 Re8
28. Rxe8+ Qxe8 29. Qf4 Qe7 30. Kf1 Ne6 31. Qe4 Qd7 32. Qe3 Qd8 33. h4 Qf6 34.
Ke2 c5 35. g5 Qf5 36. d5 Nf4+ 37. Kd2 Nh3 38. Kc2 Qg4 39. Nd2 Qxh4 40. Qe8+ Kg7
41. Ne4 Nxg5 42. Qe7 h6 43. Qf6+ Kg8 44. Nxd6 Qg4 45. Qd8+ Kh7 46. Qe7 Qf4 47.
Kb3 Qc1 48. Nxf7 Qb1+ 49. Kc3 Qc1+ 50. Kb3 Qb1+ 1/2-1/2

[Event "IM"]
[Site "Aarhus"]
[Date "2005.07.02"]
[Round "1"]
[White "Jakubowski, Krzysztof"]
[Black "Stark, Lars"]
[Result "1/2-1/2"]
[WhiteElo "2483"]
[BlackElo "2337"]
[PlyCount "109"]
[EventDate "2005.07.02"]
[EventType "tourn"]
[EventRounds "9"]
[EventCountry "DEN"]
[EventCategory "4"]
[SourceTitle "CBM 107 Extra"]
[Source "ChessBase"]
[SourceDate "2005.09.01"]

1. e4 e6 2. d4 d5 3. Nc3 Nf6 4. Bg5 Bb4 5. e5 h6 6. Be3 Ne4 7. Nge2 c5 8. a3
Nxc3 9. bxc3 Ba5 10. dxc5 Nd7 11. Qd4 Qc7 12. f4 b6 13. cxb6 axb6 14. Bd2 Ba6
15. Nc1 Bxf1 16. Rxf1 Rc8 17. Rf3 Nc5 18. Nb3 Ne4 19. Qa4+ Qd7 20. Qxd7+ Kxd7
21. Nxa5 bxa5 22. Rb1 Rb8 23. Rb3 a4 24. Rb4 Rxb4 25. cxb4 Rc8 26. c3 h5 27.
Ke2 g6 28. Kd3 Rc4 29. Be1 Ke7 30. Re3 f5 31. Re2 Kf7 32. Rc2 Ke7 33. Bf2 Nxf2+
34. Rxf2 Kd7 35. h4 Kd8 36. Rf3 Ke7 37. Rf1 Kd7 38. Rf2 Kd8 39. b5 Kc7 40. Rf3
Kb6 41. Rg3 Rxf4 42. Rxg6 Rxh4 43. Rxe6+ Kxb5 44. Rf6 Kc5 45. Rxf5 Rg4 46. Rf2
Rg3+ 47. Kd2 Kc6 48. Rf6+ Kc5 49. Ra6 Rxg2+ 50. Ke3 Rg4 51. Ra5+ Kc6 52. Kd3
Re4 53. Ra6+ Kb5 54. Re6 h4 55. Re8 1/2-1/2

[Event "IM"]
[Site "Aarhus"]
[Date "2005.07.08"]
[Round "7"]
[White "Jakubowski, Krzysztof"]
[Black "Nilssen, John Arni"]
[Result "1/2-1/2"]
[WhiteElo "2483"]
[BlackElo "2374"]
[PlyCount "56"]
[EventDate "2005.07.02"]
[EventType "tourn"]
[EventRounds "9"]
[EventCountry "DEN"]
[EventCategory "4"]
[SourceTitle "CBM 107 Extra"]
[Source "ChessBase"]
[SourceDate "2005.09.01"]

1. d4 Nf6 2. c4 g6 3. g3 Bg7 4. Bg2 d5 5. cxd5 Nxd5 6. Nc3 Nxc3 7. bxc3 c5 8.
e3 Qa5 9. Bd2 O-O 10. Ne2 Nc6 11. O-O Rd8 12. a4 Qa6 13. Nf4 Na5 14. Rb1 Nc4
15. Bc1 Rb8 16. Qb3 Bf5 17. Bd5 Rxd5 18. Nxd5 Bxb1 19. Qxb1 e6 20. Nf4 cxd4 21.
cxd4 Qxa4 22. d5 e5 23. Nd3 Qd7 24. e4 b5 25. Nb4 a5 26. Nc6 Rb7 27. Qd3 a4 28.
Ba3 Nxa3 1/2-1/2

[Event "IM"]
[Site "Aarhus"]
[Date "2005.07.06"]
[Round "5"]
[White "Jakubowski, Krzysztof"]
[Black "Pedersen, Christian Kyndel"]
[Result "1/2-1/2"]
[WhiteElo "2483"]
[BlackElo "2364"]
[PlyCount "54"]
[EventDate "2005.07.02"]
[EventType "tourn"]
[EventRounds "9"]
[EventCountry "DEN"]
[EventCategory "4"]
[SourceTitle "CBM 107 Extra"]
[Source "ChessBase"]
[SourceDate "2005.09.01"]

1. e4 c5 2. Nf3 d6 3. d4 cxd4 4. Nxd4 Nf6 5. Nc3 a6 6. Be2 e5 7. Nb3 Be7 8. Bg5
Be6 9. Bxf6 Bxf6 10. Qd3 O-O 11. O-O-O Be7 12. Kb1 Nc6 13. g3 a5 14. a3 Qb6 15.
Nd5 Qxf2 16. Rdf1 Qa7 17. Nc7 Bh3 18. Rd1 Rac8 19. Nb5 Qf2 20. g4 Rfd8 21. Rhg1
Bg5 22. Bf3 a4 23. Nc1 Bf4 24. Ne2 Bxh2 25. Rh1 Bg2 26. Bxg2 Qxg2 27. g5 Nd4
1/2-1/2

[Event "IM"]
[Site "Aarhus"]
[Date "2005.07.06"]
[Round "5"]
[White "Lamprecht, Frank"]
[Black "Matthiesen, Martin"]
[Result "1-0"]
[WhiteElo "2407"]
[BlackElo "2311"]
[PlyCount "109"]
[EventDate "2005.07.02"]
[EventType "tourn"]
[EventRounds "9"]
[EventCountry "DEN"]
[EventCategory "4"]
[SourceTitle "CBM 107 Extra"]
[Source "ChessBase"]
[SourceDate "2005.09.01"]

1. d4 Nf6 2. Nf3 g6 3. Bf4 Bg7 4. e3 d6 5. h3 O-O 6. Be2 Nbd7 7. O-O Qe8 8. Bh2
e5 9. c4 Ne4 10. dxe5 dxe5 11. Nbd2 Nxd2 12. Qxd2 Qe7 13. Rad1 a5 14. Qc1 b6
15. Nd2 Bb7 16. Bf3 Bxf3 17. Nxf3 Nc5 18. Qc2 e4 19. Nd4 Nd3 20. b3 Rfd8 21.
Nc6 Qc5 22. Nxd8 Rxd8 23. Rd2 Be5 24. Bxe5 Qxe5 25. Rfd1 Qd6 26. c5 Qe5 27.
cxb6 cxb6 28. Qc6 Rd6 29. Qc7 Kg7 30. Rc2 Qd5 31. Qc3+ Kh6 32. Qc8 Kg7 33. Rdd2
Qg5 34. Qc3+ Kh6 35. Qa1 Rf6 36. Qd1 Qf5 37. Qg4 Qe5 38. Rd1 Kg7 39. Rf1 h5 40.
Qc8 Qd5 41. Qc4 Qf5 42. f3 Nc5 43. fxe4 Qd7 44. Rxf6 Kxf6 45. Qd4+ Ke6 46.
Qxd7+ Kxd7 47. Rc4 Kd6 48. Kf2 Nd3+ 49. Ke2 Nc5 50. Kf3 Ke6 51. Rd4 Nd7 52. Rd5
f6 53. h4 Ke7 54. Kf4 Nf8 55. Rb5 1-0

[Event "IM"]
[Site "Aarhus"]
[Date "2005.07.08"]
[Round "7"]
[White "Lamprecht, Frank"]
[Black "Rewitz, Poul"]
[Result "1-0"]
[WhiteElo "2407"]
[BlackElo "2273"]
[PlyCount "127"]
[EventDate "2005.07.02"]
[EventType "tourn"]
[EventRounds "9"]
[EventCountry "DEN"]
[EventCategory "4"]
[SourceTitle "CBM 107 Extra"]
[Source "ChessBase"]
[SourceDate "2005.09.01"]

1. d4 g6 2. c4 Bg7 3. e4 d6 4. Nf3 Bg4 5. Be2 Nc6 6. d5 Bxf3 7. Bxf3 Nd4 8. Nc3
Nxf3+ 9. Qxf3 Nf6 10. O-O O-O 11. Bd2 Nd7 12. Nd1 a5 13. Bc3 e5 14. dxe6 fxe6
15. Qh3 e5 16. Bd2 Nc5 17. Nc3 Qe8 18. Rad1 Qe6 19. Qxe6+ Nxe6 20. Be3 Rf7 21.
Nb5 h5 22. f3 Kh7 23. Kf2 Raf8 24. Ke2 Bh6 25. Bxh6 Kxh6 26. Ke3 g5 27. Rf2 g4
28. Rdf1 Nf4 29. Kd2 Ne6 30. Ke3 gxf3 31. Rxf3 Rxf3+ 32. Rxf3 Rxf3+ 33. Kxf3
Kg5 34. Nc3 c6 35. Nd1 Nd4+ 36. Ke3 Nc2+ 37. Kd2 Nd4 38. Ke3 Nc2+ 39. Kd2 Nb4
40. a3 Na6 41. Ke3 Nc5 42. b4 axb4 43. axb4 Na4 44. Nf2 Nb2 45. c5 b6 46. cxd6
Nc4+ 47. Kf3 Nxd6 48. Nd3 Kf6 49. h3 Nf7 50. h4 Nd6 51. Nf2 Nb5 52. g4 Nd4+ 53.
Ke3 Nc2+ 54. Kd2 Nd4 55. gxh5 Nf3+ 56. Ke3 Nxh4 57. Ng4+ Ke6 58. Kf2 c5 59. b5
c4 60. Kg3 c3 61. Ne3 c2 62. Nxc2 Nf5+ 63. exf5+ Kxf5 64. Kf3 1-0

[Event "IM"]
[Site "Aarhus"]
[Date "2005.07.04"]
[Round "3"]
[White "Lamprecht, Frank"]
[Black "Holst, Allan"]
[Result "1/2-1/2"]
[WhiteElo "2407"]
[BlackElo "2363"]
[PlyCount "121"]
[EventDate "2005.07.02"]
[EventType "tourn"]
[EventRounds "9"]
[EventCountry "DEN"]
[EventCategory "4"]
[SourceTitle "CBM 107 Extra"]
[Source "ChessBase"]
[SourceDate "2005.09.01"]

1. d4 e6 2. Nf3 d5 3. c4 Nf6 4. Nc3 Nbd7 5. Bg5 c6 6. e3 Qa5 7. Nd2 Bb4 8. Qc2
O-O 9. Be2 c5 10. dxc5 dxc4 11. Nxc4 Qxc5 12. Bxf6 Nxf6 13. a3 Bxc3+ 14. Qxc3
Bd7 15. O-O Rac8 16. Rfc1 Rfd8 17. Qe1 Qe7 18. Ne5 Be8 19. Rxc8 Rxc8 20. Rc1
Rxc1 21. Qxc1 Qd6 22. Nf3 Bd7 23. Qc3 b6 24. Qe5 Ne8 25. Kf1 Kf8 26. Qe4 h6 27.
Ne5 Bb5 28. Ke1 Bxe2 29. Kxe2 Qc7 30. f4 g6 31. Qd4 h5 32. h3 Ke7 33. Qa4 a5
34. Qc4 Qb7 35. Qc6 Nd6 36. Qxb7+ Nxb7 37. Nc4 b5 38. Ne5 Kf6 39. Nc6 g5 40.
Kd3 gxf4 41. exf4 a4 42. g4 hxg4 43. hxg4 Kg6 44. Kd4 f6 45. Na7 Nd6 46. Kc5
Nc4 47. Nxb5 Nxb2 48. Kd4 e5+ 49. fxe5 fxe5+ 50. Kxe5 Kg5 51. Kd4 Kxg4 52. Nc7
Kf5 53. Nd5 Nd1 54. Nb6 Ke6 55. Nxa4 Kd6 56. Kc4 Kc6 57. Kb4 Ne3 58. Kb3 Kb5
59. Nb2 Nd5 60. Nc4 Nb6 61. Nxb6 1/2-1/2

[Event "IM"]
[Site "Aarhus"]
[Date "2005.07.02"]
[Round "1"]
[White "Lamprecht, Frank"]
[Black "Berg, Klaus"]
[Result "1-0"]
[WhiteElo "2407"]
[BlackElo "2420"]
[PlyCount "51"]
[EventDate "2005.07.02"]
[EventType "tourn"]
[EventRounds "9"]
[EventCountry "DEN"]
[EventCategory "4"]
[SourceTitle "CBM 107 Extra"]
[Source "ChessBase"]
[SourceDate "2005.09.01"]

1. d4 Nf6 2. c4 a6 3. Nc3 c5 4. dxc5 e6 5. e4 Qa5 6. e5 Ng8 7. Nf3 Bxc5 8. Bd3
d6 9. exd6 Nf6 10. Qa4+ Nc6 11. Qxa5 Nxa5 12. Bf4 Nh5 13. Bd2 Bxd6 14. Ne4 Bc7
15. Bb4 Nc6 16. Bc5 Ba5+ 17. Kf1 b6 18. Nd6+ Kf8 19. Ba3 Nb4 20. Be4 Rb8 21.
Ne5 f6 22. Nc6 Nxc6 23. Bxc6 b5 24. cxb5 axb5 25. Bxb5 Bc7 26. Rc1 1-0

[Event "IM"]
[Site "Aarhus"]
[Date "2005.07.03"]
[Round "2"]
[White "Matthiesen, Martin"]
[Black "Pedersen, Christian Kyndel"]
[Result "1/2-1/2"]
[WhiteElo "2311"]
[BlackElo "2364"]
[PlyCount "173"]
[EventDate "2005.07.02"]
[EventType "tourn"]
[EventRounds "9"]
[EventCountry "DEN"]
[EventCategory "4"]
[SourceTitle "CBM 107 Extra"]
[Source "ChessBase"]
[SourceDate "2005.09.01"]

1. d4 Nf6 2. c4 g6 3. Nc3 Bg7 4. e4 d6 5. Nf3 O-O 6. Be2 e5 7. O-O Na6 8. Be3
Ng4 9. Bg5 Qe8 10. dxe5 dxe5 11. h3 h6 12. Bd2 Nf6 13. Be3 Qe7 14. Nd5 Qd8 15.
Nxf6+ Qxf6 16. c5 Nb8 17. b4 a6 18. Qb3 Be6 19. Qb2 Nc6 20. Rad1 Qe7 21. a3 f5
22. Qc2 Qf7 23. Rc1 Rad8 24. Rfd1 Bb3 25. Qc3 Kh7 26. Rxd8 Rxd8 27. Nd2 Be6 28.
f3 Nd4 29. Bf1 Nb5 30. Qb2 f4 31. Bf2 Nd4 32. Bc4 Qe7 33. Nb3 Bxc4 34. Rxc4 Qe6
35. Rc3 Nb5 36. Rc1 Rd3 37. Rb1 Nc3 38. Qc2 Nxb1 39. Qxd3 Nxa3 40. Na5 Nb5 41.
Qd5 Qxd5 42. exd5 b6 43. cxb6 cxb6 44. Bxb6 Bf8 45. Bc5 Kg7 46. Nc4 Bxc5+ 47.
bxc5 Kf6 48. Kf1 g5 49. Ke1 Na7 50. Kd2 Nb5 51. Kd3 h5 52. c6 Ke7 53. c7 Kd7
54. d6 Na7 55. Kc3 a5 56. Kb3 g4 57. Ka4 gxf3 58. gxf3 e4 59. fxe4 f3 60. Nd2
Kxd6 61. Nxf3 Kxc7 62. Kxa5 Kd6 63. Kb4 Nc6+ 64. Kc4 Ke6 65. Kc5 Ne5 66. Nd4+
Kf6 67. Kd5 Nd3 68. Nc6 Nf4+ 69. Kd6 Ng6 70. e5+ Nxe5 71. Nxe5 Kf5 72. h4 Kf6
73. Kd5 Kf5 74. Kd4 Kf4 75. Ng6+ Kg4 76. Ke5 Kg3 77. Kf5 Kf3 78. Kg5 Ke4 79.
Kxh5 Kf5 80. Kh6 Kf6 81. h5 Kf7 82. Kh7 Kf6 83. h6 Kf7 84. Nh4 Kf8 85. Kg6 Kg8
86. Kh5 Kh7 87. Nf5 1/2-1/2

[Event "IM"]
[Site "Aarhus"]
[Date "2005.07.07"]
[Round "6"]
[White "Matthiesen, Martin"]
[Black "Berg, Klaus"]
[Result "1/2-1/2"]
[WhiteElo "2311"]
[BlackElo "2420"]
[PlyCount "71"]
[EventDate "2005.07.02"]
[EventType "tourn"]
[EventRounds "9"]
[EventCountry "DEN"]
[EventCategory "4"]
[SourceTitle "CBM 107 Extra"]
[Source "ChessBase"]
[SourceDate "2005.09.01"]

1. d4 Nf6 2. Nf3 d5 3. c4 c6 4. Nc3 a6 5. e3 b5 6. b3 Bg4 7. Be2 e6 8. O-O Nbd7
9. Bb2 Be7 10. Ne5 Bxe2 11. Nxe2 Qb6 12. Qc2 O-O 13. Nf4 Nxe5 14. dxe5 Nd7 15.
Rac1 bxc4 16. bxc4 Rab8 17. Bd4 c5 18. Ba1 d4 19. Rb1 Qc7 20. exd4 cxd4 21.
Bxd4 Nxe5 22. Qc3 Nc6 23. Nd5 exd5 24. cxd5 Rxb1 25. Rxb1 Rb8 26. Rc1 Bd6 27.
Qxc6 Qd8 28. Qxa6 h6 29. g3 Ra8 30. Qc4 Qa5 31. Qc6 Ba3 32. Bb6 Qa6 33. Rc4 Rb8
34. Bc7 Rb1+ 35. Kg2 Qxc6 36. dxc6 1/2-1/2

[Event "IM"]
[Site "Aarhus"]
[Date "2005.07.02"]
[Round "1"]
[White "Matthiesen, Martin"]
[Black "Nilssen, John Arni"]
[Result "1/2-1/2"]
[WhiteElo "2311"]
[BlackElo "2374"]
[PlyCount "61"]
[EventDate "2005.07.02"]
[EventType "tourn"]
[EventRounds "9"]
[EventCountry "DEN"]
[EventCategory "4"]
[SourceTitle "CBM 107 Extra"]
[Source "ChessBase"]
[SourceDate "2005.09.01"]

1. d4 Nf6 2. c4 g6 3. Nc3 d5 4. cxd5 Nxd5 5. e4 Nxc3 6. bxc3 Bg7 7. Bc4 c5 8.
Ne2 Nc6 9. Be3 cxd4 10. cxd4 Qa5+ 11. Bd2 Qd8 12. Be3 Qa5+ 13. Bd2 Qd8 14. Bc3
O-O 15. Qd2 Bg4 16. f3 Bd7 17. O-O a6 18. Bb3 b5 19. d5 Qb6+ 20. Rf2 Bxc3 21.
Qxc3 b4 22. Qb2 Na5 23. Qd4 Qb8 24. Qc5 Nxb3 25. axb3 e5 26. dxe6 Bxe6 27. Nd4
Rc8 28. Nc6 Rc7 29. Qd6 Qb7 30. Nd8 Qb8 31. Nc6 1/2-1/2

[Event "IM"]
[Site "Aarhus"]
[Date "2005.07.05"]
[Round "4"]
[White "Matthiesen, Martin"]
[Black "Jakubowski, Krzysztof"]
[Result "0-1"]
[WhiteElo "2311"]
[BlackElo "2483"]
[PlyCount "74"]
[EventDate "2005.07.02"]
[EventType "tourn"]
[EventRounds "9"]
[EventCountry "DEN"]
[EventCategory "4"]
[SourceTitle "CBM 107 Extra"]
[Source "ChessBase"]
[SourceDate "2005.09.01"]

1. d4 f5 2. c4 Nf6 3. Nc3 e6 4. e3 Bb4 5. Qc2 b6 6. Bd3 Bb7 7. Nge2 Bxg2 8. Rg1
Be4 9. Bxe4 Nxe4 10. Rxg7 Qh4 11. Rg2 Nc6 12. Bd2 Bxc3 13. Bxc3 O-O-O 14. O-O-O
Rhg8 15. Rxg8 Rxg8 16. d5 Nb8 17. dxe6 dxe6 18. f3 Nxc3 19. Qxc3 Qxh2 20. Qf6
Rg6 21. Qf8+ Kb7 22. Nf4 Rg1 23. Nxe6 Rxd1+ 24. Kxd1 Qg1+ 25. Ke2 Qg2+ 26. Kd3
Qf1+ 27. Kc3 Qc1+ 28. Kd3 Nc6 29. f4 Qxb2 30. Nd8+ Nxd8 31. Qxd8 Qb1+ 32. Kd2
Qxa2+ 33. Kc3 Qa3+ 34. Kc2 Qc5 35. Qg8 b5 36. Qxh7 Qxc4+ 37. Kd2 Qd5+ 0-1

[Event "IM"]
[Site "Aarhus"]
[Date "2005.07.07"]
[Round "6"]
[White "Nilssen, John Arni"]
[Black "Holst, Allan"]
[Result "1/2-1/2"]
[WhiteElo "2374"]
[BlackElo "2363"]
[PlyCount "48"]
[EventDate "2005.07.02"]
[EventType "tourn"]
[EventRounds "9"]
[EventCountry "DEN"]
[EventCategory "4"]
[SourceTitle "CBM 107 Extra"]
[Source "ChessBase"]
[SourceDate "2005.09.01"]

1. d4 Nf6 2. c4 c5 3. d5 e5 4. Nc3 d6 5. e4 Be7 6. Be2 h5 7. Nf3 Nbd7 8. O-O
Nf8 9. Ne1 Ng6 10. Nd3 h4 11. Rb1 b6 12. Bd2 Bd7 13. b4 Qc8 14. bxc5 bxc5 15.
Rb3 Bd8 16. Ra3 Bb6 17. Qe1 Kf8 18. Bd1 Kg8 19. Kh1 Rh7 20. f4 exf4 21. e5 dxe5
22. Nxe5 Nxe5 23. Qxe5 h3 24. g3 fxg3 1/2-1/2